Advanced Paper 5 Managing People and Systems (Record no. 5566)

MARC details
005 - DATE AND TIME OF LATEST TRANSACTION
control field 20250627091033.0
020 ## - INTERNATIONAL STANDARD BOOK NUMBER
International Standard Book Number 978-0-7517-4799-7
082 ## - DEWEY DECIMAL CLASSIFICATION NUMBER
Classification number 658 CAT
111 ## - MAIN ENTRY--MEETING NAME
Meeting name or jurisdiction name as entry element CAT
245 ## - TITLE STATEMENT
Title Advanced Paper 5 Managing People and Systems
250 ## - EDITION STATEMENT
Edition statement 5th Ed.
260 ## - PUBLICATION, DISTRIBUTION, ETC.
Place of publication, distribution, etc. London,
Name of publisher, distributor, etc. BPP Learning Media Ltd,
Date of publication, distribution, etc. 2008.
300 ## - PHYSICAL DESCRIPTION
Extent xxviii, 160p.: ill.; picture,
Other physical details index,
Dimensions 29cm.
942 ## - ADDED ENTRY ELEMENTS (KOHA)
Source of classification or shelving scheme Dewey Decimal Classification
Koha item type Books

No items available.